Engaging the hearts and minds of all your employees: (Record no. 19853)

MARC details
000 -LEADER
fixed length control field 01001nam a22002654a 4500
005 - DATE AND TIME OF LATEST TRANSACTION
control field 20081212173136.0
008 - FIXED-LENGTH DATA ELEMENTS--GENERAL INFORMATION
fixed length control field 071109s2008 nyu b 001 0 eng
010 ## - LCCN (DPL NO)
LC control number ENG-92198
020 ## - INTERNATIONAL STANDARD BOOK NUMBER
International Standard Book Number 9780070139596
Terms of availability 295.00
020 ## - INTERNATIONAL STANDARD BOOK NUMBER
International Standard Book Number 0070139598
Terms of availability 295.00
035 ## - SYSTEM CONTROL NUMBER
System control number EN-75731
037 ## - SOURCE OF ACQUISITION
Source of stock number/acquisition DBAD / PUB
040 ## - CATALOGING SOURCE
Original cataloging agency dpl
Language of cataloging English
082 ## - DEWEY DECIMAL CLASSIFICATION NUMBER
Classification number 658.314
100 ## - MAIN ENTRY--PERSONAL NAME
Personal name Colan, Lee J.
245 ## - TITLE STATEMENT
Title Engaging the hearts and minds of all your employees:
Statement of responsibility, etc by Lee J. Colan
Remainder of title how to ignite passionate performance for better business results /
260 ## - PUBLICATION, DISTRIBUTION, ETC. (IMPRINT)
Place of publication, distribution, etc New Delhi
Name of publisher, distributor, etc Tata McGraw-Hill Publishing
Date of publication, distribution, etc 2009
300 ## - PHYSICAL DESCRIPTION
Extent viii, 213p.
Dimensions 22 cm (pbk)
500 ## - GENERAL NOTE
General note Includes index
650 ## - SUBJECT ADDED ENTRY--TOPICAL TERM
Topical term or geographic name as entry element Employee motivation
650 ## - SUBJECT ADDED ENTRY--TOPICAL TERM
Topical term or geographic name as entry element Personnel management
650 ## - SUBJECT ADDED ENTRY--TOPICAL TERM
Topical term or geographic name as entry element Leadership
942 ## - ADDED ENTRY ELEMENTS (KOHA)
Source of classification or shelving scheme Dewey Decimal Classification
Item type English Books
Classification part 658.314
Call number suffix COL
Holdings
Withdrawn status Lost status Source of classification or shelving scheme Damaged status Not for loan Collection code Home library Current library Date acquired Source of acquisition Cost, normal purchase price Total Checkouts Full call number Barcode Date last seen Copy number Cost, replacement price Koha item type
    Dewey Decimal Classification   Not For Loan Non-fiction D.B.Act.Division D.B.Act.Division 15/12/2008 DBAD / PUB 295.00   658.314 COL EN-75731 15/12/2008 1 295.00 English Books

© Delhi Public Library
Hit Counter
free hit counter